000 00386nam a2200145Ia 4500
008 220216s9999 xx 000 0 und d
100 _aMohanakumar S.
245 0 _aImpact of economic reforms on tyre industry
260 _bEconomic and Political Weekly
_c2001
300 _a1044-1050
650 _aEconomic reform
650 _aTyre industry
700 _aGeorge K.T.
942 _cBS
999 _c48355
_d48355